Know your I. Q. (Record no. 62298)

000 -LEADER
fixed length control field 00424nam a22001697a 4500
003 - CONTROL NUMBER IDENTIFIER
control field NUST-PNEC
005 - DATE AND TIME OF LATEST TRANSACTION
control field 20170116180744.0
008 - FIXED-LENGTH DATA ELEMENTS--GENERAL INFORMATION
fixed length control field 150114b xxu||||| |||| 00| 0 eng d
040 ## - CATALOGING SOURCE
Transcribing agency PNEC
082 ## - DEWEY DECIMAL CLASSIFICATION NUMBER
Classification number 153.94 EYS
100 ## - MAIN ENTRY--PERSONAL NAME
9 (RLIN) 1214
Personal name Eysenc, H. J.
245 ## - TITLE STATEMENT
Title Know your I. Q.
Statement of responsibility, etc. H. J. Eysenck
260 ## - PUBLICATION, DISTRIBUTION, ETC.
Place of publication, distribution, etc. England :
Name of publisher, distributor, etc. Penguin Books Ltd.,
Date of publication, distribution, etc. c1962.
300 ## - PHYSICAL DESCRIPTION
Extent 192 p. :
Dimensions 18 cm.
650 ## - SUBJECT ADDED ENTRY--TOPICAL TERM
General subdivision General
942 ## - ADDED ENTRY ELEMENTS (KOHA)
Source of classification or shelving scheme
Koha item type Book
Holdings
Withdrawn status Lost status Source of classification or shelving scheme Damaged status Not for loan Permanent Location Current Location Shelving location Date acquired Source of acquisition Total Checkouts Full call number Barcode Date last seen Price effective from Koha item type
          Pakistan Navy Engineering College (PNEC) Pakistan Navy Engineering College (PNEC)   10/05/1991 Donated   153.94 EYS PNECLIB-015410 01/14/2015 10/05/1991 Book
© 2023 Central Library, National University of Sciences and Technology. All Rights Reserved.